[Event "Saint John op-1"]
[Site "Saint John CAN"]
[Date "1988.??.??"]
[Round "?"]
[White "Whitehead, Jay"]
[Black "Hernandez, Gabriel"]
[Result "0-1"]
[WhiteElo "2440"]
[BlackElo "2330"]
[PlyCount "48"]
[GameId "2160767912583267"]
[EventDate "1988.01.24"]
[EventType "swiss"]
[EventRounds "9"]
[EventCountry "CAN"]
[SourceTitle "CBM 06"]

1. d4 Nf6 2. c4 c5 3. d5 g6 4. Nc3 Bg7 5. e4 d6 6. Bg5 O-O 7. Be2 e6 8. Qd2 exd5 9. exd5 Re8 10. Nf3 Bf5 11. O-O Nbd7 12. Nh4 Ne5 13. h3 Qc8 14. Qf4 h5 15. Nxf5 Qxf5 16. Qxf5 gxf5 17. f3 a6 18. a4 Nh7 19. Bd2 Ng6 20. Rfe1 Bd4+ 21. Kf1 Nf6 22. g3 h4 23. gxh4 Nh5 24. f4 Ng3+ 0-1

[Event "Saint John op-1"]
[Site "Saint John CAN"]
[Date "1988.??.??"]
[Round "?"]
[White "Wolff, Patrick"]
[Black "Andonov, Bogomil"]
[Result "0-1"]
[WhiteElo "2530"]
[BlackElo "2420"]
[PlyCount "74"]
[GameId "2160767912583269"]
[EventDate "1988.01.24"]
[EventType "swiss"]
[EventRounds "9"]
[EventCountry "CAN"]
[SourceTitle "CBM 006"]
[Source "ChessBase"]
[SourceDate "2004.01.01"]
[SourceVersion "1"]
[SourceVersionDate "2004.01.01"]
[SourceQuality "1"]

1. e4 c5 2. Nf3 Nc6 3. c3 e5 4. Bc4 Nf6 5. Ng5 d5 6. exd5 Na5 7. Bb5+ Bd7 8. Qe2 Bxb5 9. Qxb5+ Nd7 10. d3 a6 11. Qa4 b5 12. Qe4 c4 13. d4 Nb7 14. O-O Be7 15. Nxf7 Kxf7 16. dxe5 Ndc5 17. Qf3+ Kg8 18. d6 Bxd6 19. exd6 Qxd6 20. Bf4 Qd3 21. Qc6 Qf5 22. Be3 Rc8 23. Qb6 Qd5 24. Nd2 Rc6 25. Qa7 h6 26. Rad1 Rg6 27. f3 Kh7 28. b3 Qe5 29. Rfe1 Re8 30. bxc4 Nd3 31. Qxb7 Nxe1 32. Rxe1 Qxc3 33. Bf2 Rxe1+ 34. Bxe1 Re6 35. Nf1 Rxe1 36. Kf2 Qc1 37. Qd5 Rxf1+ 0-1

[Event "Saint John op-1"]
[Site "Saint John CAN"]
[Date "1988.??.??"]
[Round "?"]
[White "Wolff, Patrick"]
[Black "Inkiov, Ventzislav"]
[Result "1-0"]
[WhiteElo "2530"]
[BlackElo "2490"]
[PlyCount "117"]
[GameId "2160767912583271"]
[EventDate "1988.01.24"]
[EventType "swiss"]
[EventRounds "9"]
[EventCountry "CAN"]
[SourceTitle "CBM 006"]
[Source "ChessBase"]
[SourceDate "2004.01.01"]
[SourceVersion "1"]
[SourceVersionDate "2004.01.01"]
[SourceQuality "1"]

1. e4 c5 2. Nf3 d6 3. d4 cxd4 4. Nxd4 Nf6 5. Nc3 Nc6 6. Bc4 e6 7. Be3 a6 8. Qe2 Qc7 9. O-O-O Na5 10. Bd3 b5 11. a3 Bb7 12. g4 Rc8 13. g5 Nd7 14. f4 Nc4 15. Ndxb5 axb5 16. Nxb5 Qb8 17. Bxc4 Bxe4 18. Rhe1 d5 19. Bd3 Bxd3 20. Qxd3 Be7 21. Nd4 O-O 22. f5 Ne5 23. Qb5 Qc7 24. Bf4 Bd6 25. Qe2 Nc4 26. Bxd6 Qxd6 27. fxe6 Qf4+ 28. Kb1 fxe6 29. Qxe6+ Kh8 30. Nb3 Qxg5 31. Qxd5 Qg6 32. Qd3 Qf6 33. Qd4 Qf5 34. Re2 h6 35. Rg1 Rf7 36. Rge1 Rff8 37. Re7 Rg8 38. R1e2 Qg5 39. h4 Qg3 40. Nc5 Nd6 41. R7e3 Nf5 42. Rxg3 Nxd4 43. Re5 Rgf8 44. b4 Rf2 45. Re4 Nf3 46. Kb2 Rf8 47. a4 Rh2 48. Ne6 Rf6 49. Nxg7 Rc6 50. Rxf3 Rcxc2+ 51. Kb3 Kxg7 52. a5 Ra2 53. Rg4+ Kh7 54. Rf7+ Kh8 55. Rd4 Rhb2+ 56. Kc4 Rc2+ 57. Kb5 Rc8 58. a6 Ra8 59. Rd6 1-0

[Event "Saint John op-1"]
[Site "Saint John CAN"]
[Date "1988.??.??"]
[Round "?"]
[White "Wolff, Patrick"]
[Black "Kopec, Danny"]
[Result "0-1"]
[WhiteElo "2530"]
[BlackElo "2405"]
[PlyCount "77"]
[GameId "2160767912583273"]
[EventDate "1988.01.24"]
[EventType "swiss"]
[EventRounds "9"]
[EventCountry "CAN"]
[SourceTitle "CBM 006"]
[Source "ChessBase"]
[SourceDate "2004.01.01"]
[SourceVersion "1"]
[SourceVersionDate "2004.01.01"]
[SourceQuality "1"]

1. e4 c5 2. Nf3 Nc6 3. d4 cxd4 4. Nxd4 Nf6 5. Nc3 d6 6. Bc4 Bd7 7. Be3 Ng4 8. Nxc6 bxc6 9. Bg5 h6 10. Bh4 g5 11. Bg3 Bg7 12. Qd2 Ne5 13. Be2 Rb8 14. Nd1 Qb6 15. O-O Be6 16. c3 a5 17. Qc2 Ng6 18. Kh1 Qc5 19. f3 Qb6 20. b3 h5 21. Bf2 c5 22. Ne3 Be5 23. Bc4 Bd7 24. Rab1 Qd8 25. Bg1 h4 26. a3 Nf4 27. b4 axb4 28. cxb4 Nh5 29. Bf2 cxb4 30. Rxb4 Ng3+ 31. hxg3 hxg3+ 32. Kg1 gxf2+ 33. Kxf2 Rxb4 34. axb4 Qb6 35. Ke2 Rh2 36. Qa2 e6 37. Qa5 Qd4 38. Rd1 Rxg2+ 39. Kf1 0-1

[Event "Saint John op-1"]
[Site "Saint John CAN"]
[Date "1988.??.??"]
[Round "?"]
[White "Zapata, Alonso"]
[Black "Chernin, Alexander"]
[Result "0-1"]
[WhiteElo "2500"]
[BlackElo "2560"]
[PlyCount "126"]
[GameId "2160767912583274"]
[EventDate "1988.01.24"]
[EventType "swiss"]
[EventRounds "9"]
[EventCountry "CAN"]
[SourceTitle "CBM 06"]

1. e4 g6 2. d4 Bg7 3. Nc3 c6 4. Nf3 d6 5. Be3 Bg4 6. a4 Bxf3 7. gxf3 d5 8. a5 e6 9. Qd2 Qh4 10. Ne2 h6 11. Nf4 Nd7 12. e5 Ne7 13. Bd3 c5 14. c3 O-O 15. Rg1 cxd4 16. cxd4 Nc6 17. Rg4 Qe7 18. Ne2 h5 19. Bg5 Qb4 20. Rg3 Rfc8 21. Qxb4 Nxb4 22. Kd2 Nb8 23. Bb1 N8c6 24. f4 Kf8 25. Rb3 Ke8 26. Bd3 a6 27. Bb1 Bf8 28. Ra4 Rab8 29. Ke3 Kd7 30. f3 b6 31. axb6 Rxb6 32. Bh4 Rb5 33. Be1 Rcb8 34. Rba3 Be7 35. Bc3 Bd8 36. Bd3 Nxd3 37. Kxd3 a5 38. Ra1 Be7 39. Bxa5 Nxa5 40. Rxa5 Rxb2 41. Ra7+ Ke8 42. Ra8 Bh4 43. Nc3 Rxa8 44. Rxa8+ Ke7 45. Ra2 Rb3 46. Ra1 Kf8 47. Rb1 Ra3 48. Kc2 Bf2 49. Rb8+ Kg7 50. Kb2 Ra7 51. Nb5 Re7 52. Kc3 Be3 53. Kb4 Bxf4 54. Kc5 f6 55. Kd6 Rf7 56. Kxe6 fxe5 57. dxe5 Bxh2 58. Kxd5 Re7 59. Nd6 Rxe5+ 60. Kd4 Re7 61. Kd5 Re5+ 62. Kc4 Re7 63. Rd8 Bxd6 0-1

[Event "Saint John op-1"]
[Site "Saint John CAN"]
[Date "1988.??.??"]
[Round "?"]
[White "Zapata, Alonso"]
[Black "Fishbein, Alexander"]
[Result "1/2-1/2"]
[WhiteElo "2500"]
[BlackElo "2435"]
[PlyCount "75"]
[GameId "2160767912583275"]
[EventDate "1988.01.24"]
[EventType "swiss"]
[EventRounds "9"]
[EventCountry "CAN"]
[SourceTitle "CBM 06"]

1. e4 e5 2. Nf3 Nc6 3. Bb5 a6 4. Ba4 Nf6 5. O-O Nxe4 6. d4 b5 7. Bb3 d5 8. dxe5 Be6 9. Be3 Nc5 10. Nc3 Nxb3 11. axb3 Be7 12. Qd2 O-O 13. Rfd1 Nb4 14. Ne2 Qc8 15. Bg5 Bxg5 16. Nxg5 c5 17. c3 Nc6 18. Qd3 g6 19. Qe3 Ne7 20. Nf4 h6 21. Nf3 Nf5 22. Qd2 Rd8 23. b4 cxb4 24. cxb4 d4 25. Ra3 Bc4 26. Nd3 Kg7 27. Qf4 h5 28. Qg5 Bxd3 29. Raxd3 Qe6 30. Nxd4 Nxd4 31. Rxd4 Rxd4 32. Rxd4 Re8 33. f4 Qb6 34. Qf6+ Qxf6 35. exf6+ Kxf6 36. Kf2 Re6 37. Kf3 Rc6 38. Re4 1/2-1/2

[Event "Saint John op-1"]
[Site "Saint John CAN"]
[Date "1988.??.??"]
[Round "?"]
[White "Zapata, Alonso"]
[Black "Nogueiras, Jesus"]
[Result "1/2-1/2"]
[WhiteElo "2500"]
[BlackElo "2560"]
[PlyCount "22"]
[GameId "2160767912583276"]
[EventDate "1988.01.24"]
[EventType "swiss"]
[EventRounds "9"]
[EventCountry "CAN"]
[SourceTitle "CBM 006"]
[Source "ChessBase"]
[SourceDate "2004.01.01"]
[SourceVersion "1"]
[SourceVersionDate "2004.01.01"]
[SourceQuality "1"]

1. Nf3 Nf6 2. g3 b6 3. Bg2 Bb7 4. c4 e6 5. O-O Be7 6. Nc3 O-O 7. d4 Ne4 8. Nxe4 Bxe4 9. Ne1 Bxg2 10. Nxg2 d5 11. cxd5 exd5 1/2-1/2

[Event "Saint John op-1"]
[Site "Saint John CAN"]
[Date "1988.??.??"]
[Round "?"]
[White "Zapata, Alonso"]
[Black "Piasetski, Leon"]
[Result "0-1"]
[WhiteElo "2500"]
[BlackElo "2390"]
[PlyCount "90"]
[GameId "2160767912583277"]
[EventDate "1988.01.24"]
[EventType "swiss"]
[EventRounds "9"]
[EventCountry "CAN"]
[SourceTitle "CBM 006"]
[Source "ChessBase"]
[SourceDate "2004.01.01"]
[SourceVersion "1"]
[SourceVersionDate "2004.01.01"]
[SourceQuality "1"]

1. e4 c6 2. d4 d5 3. Nc3 g6 4. Bf4 Nf6 5. e5 Nh5 6. Be3 Ng7 7. f4 h5 8. Qd2 Bf5 9. Nf3 e6 10. Be2 Nd7 11. O-O Be7 12. Nd1 Qc7 13. b3 c5 14. c4 dxc4 15. Bxc4 O-O 16. Rc1 Rfd8 17. b4 Nb6 18. Bb3 c4 19. Nb2 c3 20. Rxc3 Qd7 21. a3 a5 22. Rfc1 Ne8 23. Nd3 axb4 24. axb4 Nd5 25. Bxd5 Qxd5 26. Nfe1 Ng7 27. Rc7 Bf8 28. Bf2 Bxd3 29. Qxd3 Bxb4 30. Nf3 Ra3 31. Qc2 Rxf3 32. gxf3 Qxf3 33. Qd1 Qxf4 34. Rxb7 Bd2 35. Rcc7 Be3 36. Rxf7 Bxf2+ 37. Kg2 Nf5 38. Qf3 Qxf3+ 39. Kxf3 Bxd4 40. Rf6 Bxe5 41. Rxe6 Nd4+ 42. Ke4 Nxe6 43. Kxe5 Ng7 44. Kf6 Rd6+ 45. Kg5 Kh7 0-1

[Event "Saint John op-1"]
[Site "Saint John CAN"]
[Date "1988.??.??"]
[Round "2"]
[White "Foisor, Ovidiu"]
[Black "McCarthy, Brian"]
[Result "1-0"]
[WhiteElo "2495"]
[BlackElo "2309"]
[PlyCount "67"]
[GameId "2160767912583280"]
[EventDate "1988.01.24"]
[EventType "swiss"]
[EventRounds "9"]
[EventCountry "CAN"]
[SourceTitle "CBM 06"]

1. d4 Nf6 2. c4 c5 3. d5 g6 4. Nc3 d6 5. e4 e6 6. Nf3 Bg7 7. h3 O-O 8. Bd3 exd5 9. cxd5 b5 10. O-O b4 11. Na4 Bd7 12. a3 a5 13. Bf4 Nh5 14. Bg5 Bf6 15. Bxf6 Nxf6 16. Re1 Nh5 17. e5 dxe5 18. Nxc5 bxa3 19. Rxa3 f6 20. Qd2 Nf4 21. Bc4 Kh8 22. b4 Qc8 23. Rc1 Bxh3 24. gxh3 Qxh3 25. Bf1 Qg4+ 26. Kh1 Rd8 27. Nh2 Qh4 28. Rxa5 Rxa5 29. bxa5 Rxd5 30. Qe3 f5 31. a6 Qe7 32. a7 Qxa7 33. Ne6 Qb7 34. Qa7 1-0

[Event "Saint John op-1"]
[Site "Saint John CAN"]
[Date "1988.??.??"]
[Round "3"]
[White "Kristensen, Bjarke"]
[Black "Boutquin, Pierre"]
[Result "1-0"]
[WhiteElo "2300"]
[BlackElo "2198"]
[PlyCount "43"]
[GameId "2160767912583282"]
[EventDate "1988.01.24"]
[EventType "swiss"]
[EventRounds "9"]
[EventCountry "CAN"]
[SourceTitle "CBM 06"]

1. d4 Nf6 2. c4 g6 3. Nc3 d5 4. Bf4 Bg7 5. e3 c5 6. dxc5 Qa5 7. Rc1 dxc4 8. Bxc4 Qxc5 9. Nb5 Qb4+ 10. Kf1 O-O 11. a3 Qa5 12. b4 Qa6 13. Nc7 Qxa3 14. Nxa8 Nc6 15. Ne2 Bg4 16. Nc7 Bxe2+ 17. Kxe2 Ne4 18. Qb3 Bb2 19. Rc2 e5 20. Bh6 Qxb3 21. Bxb3 Rc8 22. Nd5 1-0

[Event "Saint John op-1"]
[Site "Saint John CAN"]
[Date "1988.??.??"]
[Round "3"]
[White "McCarthy, Brian"]
[Black "Henao, Raul Fernando"]
[Result "1/2-1/2"]
[WhiteElo "2309"]
[BlackElo "2345"]
[PlyCount "69"]
[GameId "2160767912583283"]
[EventDate "1988.01.24"]
[EventType "swiss"]
[EventRounds "9"]
[EventCountry "CAN"]
[SourceTitle "CBM 06"]

1. e4 c5 2. Nf3 d6 3. d4 cxd4 4. Nxd4 Nf6 5. Nc3 g6 6. Be3 Bg7 7. f3 Nc6 8. Qd2 O-O 9. Bc4 Bd7 10. h4 Rc8 11. Bb3 h5 12. O-O-O Ne5 13. Bh6 Bxh6 14. Qxh6 Rxc3 15. bxc3 Qc7 16. Qd2 a5 17. a4 Qc5 18. Kb1 Rc8 19. Rhe1 Nc4 20. Qd3 b5 21. axb5 Bxb5 22. Nxb5 Qxb5 23. Ka2 Nd7 24. Qd5 Rc5 25. Qa8+ Kg7 26. Rd4 Ndb6 27. Qb7 e5 28. Rxc4 Rxc4 29. Rd1 Ra4+ 30. Bxa4 Qxa4+ 31. Kb1 Qb5+ 32. Ka2 Qc4+ 33. Kb1 Qb5+ 34. Ka2 Qc4+ 35. Kb1 1/2-1/2

[Event "Saint John op-1"]
[Site "Saint John CAN"]
[Date "1988.??.??"]
[Round "4"]
[White "Boutquin, Pierre"]
[Black "Linn, Gina"]
[Result "1-0"]
[WhiteElo "2198"]
[BlackElo "2060"]
[PlyCount "63"]
[GameId "2160767912583285"]
[EventDate "1988.01.24"]
[EventType "swiss"]
[EventRounds "9"]
[EventCountry "CAN"]
[SourceTitle "CBM 06"]

1. Nf3 d5 2. b3 Nf6 3. Bb2 Bf5 4. e3 e6 5. c4 c6 6. Nc3 Be7 7. Be2 Nbd7 8. O-O e5 9. d4 e4 10. Ne5 O-O 11. Kh1 h6 12. f3 exf3 13. Bxf3 Be6 14. cxd5 cxd5 15. Nd3 Bd6 16. Nf4 Bxf4 17. exf4 Nb6 18. Ba3 Re8 19. Nb5 Qd7 20. Nd6 Red8 21. Be2 Ne4 22. Bb5 Qc7 23. Rc1 Qb8 24. Nxe4 dxe4 25. f5 Bd7 26. Bxd7 Rxd7 27. f6 g6 28. Qd2 Kh7 29. Rc5 Qd8 30. Bc1 g5 31. Rxg5 Rxd4 32. Rg7+ 1-0

[Event "Saint John op-1"]
[Site "Saint John CAN"]
[Date "1988.??.??"]
[Round "4"]
[White "Finegold, Benjamin"]
[Black "McCarthy, Brian"]
[Result "1/2-1/2"]
[WhiteElo "2380"]
[BlackElo "2309"]
[PlyCount "103"]
[GameId "2160767912583286"]
[EventDate "1988.01.24"]
[EventType "swiss"]
[EventRounds "9"]
[EventCountry "CAN"]
[SourceTitle "CBM 06"]

1. d4 Nf6 2. c4 c5 3. d5 g6 4. Nc3 d6 5. e4 e6 6. Bd3 Bg7 7. Nge2 O-O 8. O-O Na6 9. Ng3 Nc7 10. f4 exd5 11. cxd5 Ng4 12. Nce2 Ne8 13. h3 c4 14. hxg4 cxd3 15. Qxd3 Bxg4 16. Be3 Bxe2 17. Qxe2 Qd7 18. Rad1 Nf6 19. Bd4 Qa4 20. b3 Qb4 21. Qb2 Ne8 22. e5 Nc7 23. a3 Qb5 24. exd6 Bxd4+ 25. Qxd4 Ne8 26. Ne4 f5 27. Ng5 Nxd6 28. Qe5 Qb6+ 29. Kh2 Rae8 30. Ne6 Rf7 31. Rd4 Ne4 32. Rxe4 fxe4 33. f5 Qe3 34. Rf4 gxf5 35. Rxf5 Qh6+ 36. Rh5 Qf6 37. Qxe4 Rg7 38. Qa4 Rxe6 39. dxe6 Qg6 40. g4 Qc2+ 41. Kg3 Qc3+ 42. Kf4 Qf6+ 43. Rf5 Qxe6 44. Qd4 h6 45. Qd5 Qxd5 46. Rxd5 Rc7 47. Kf5 Kg7 48. b4 b6 49. Rd4 Rf7+ 50. Ke6 Kg6 51. a4 Rf1 52. Kd5 1/2-1/2

[Event "Saint John op-1"]
[Site "Saint John CAN"]
[Date "1988.??.??"]
[Round "4"]
[White "Whitehead, Jay"]
[Black "Boutquin, Pierre"]
[Result "1-0"]
[WhiteElo "2440"]
[BlackElo "2198"]
[PlyCount "75"]
[GameId "2160767912583287"]
[EventDate "1988.01.24"]
[EventType "swiss"]
[EventRounds "9"]
[EventCountry "CAN"]
[SourceTitle "CBM 06"]

1. d4 Nf6 2. c4 g6 3. Nc3 d5 4. cxd5 Nxd5 5. e4 Nxc3 6. bxc3 Bg7 7. Nf3 c5 8. Rb1 O-O 9. Be2 cxd4 10. cxd4 Qa5+ 11. Qd2 Qxd2+ 12. Bxd2 b6 13. O-O Bb7 14. d5 Na6 15. Bg5 Rfc8 16. Bxe7 Rc2 17. Bb5 Bf8 18. d6 Nc5 19. Ne5 Bxe4 20. Rbd1 Ne6 21. Nd7 Bxe7 22. dxe7 Kg7 23. Ne5 Nc7 24. Rd8 Rc5 25. Nc6 Rxb5 26. Rxa8 Bxc6 27. Rc8 Nd5 28. Rxc6 Nxe7 29. Rc7 Nd5 30. Rxa7 Rb2 31. g3 Kf6 32. Rc1 Nb4 33. a4 Nd3 34. Rc3 Ne5 35. h3 h5 36. f4 Rb1+ 37. Kf2 Rb2+ 38. Ke3 1-0

[Event "Saint John op-1"]
[Site "Saint John CAN"]
[Date "1988.??.??"]
[Round "5"]
[White "Linn, Gina"]
[Black "Basque, Roland"]
[Result "1-0"]
[WhiteElo "2060"]
[BlackElo "1965"]
[PlyCount "92"]
[GameId "2160767912583289"]
[EventDate "1988.01.24"]
[EventType "swiss"]
[EventRounds "9"]
[EventCountry "CAN"]
[SourceTitle "CBM 06"]

1. d4 Nf6 2. c4 c5 3. d5 e6 4. Nc3 exd5 5. cxd5 d6 6. Nf3 g6 7. g3 Bg7 8. Bg2 O-O 9. O-O Re8 10. Bf4 a6 11. a4 Qc7 12. Qd2 Nbd7 13. Rfe1 Ne4 14. Nxe4 Rxe4 15. Bh6 Bh8 16. Qc2 Nf6 17. Nd2 Rb4 18. Nc4 b5 19. axb5 Rxb5 20. e4 Ng4 21. Bf4 Bd4 22. Bxd6 Qd8 23. Re2 a5 24. h3 Nxf2 25. Rxf2 Rb4 26. Bf4 Ba6 27. Ra4 Rb7 28. Kh2 Bxc4 29. Rxc4 Rxb2 30. Qxb2 Bxb2 31. Rxb2 a4 32. Rxc5 a3 33. Ra2 Qb6 34. Rcc2 Qd4 35. d6 Ra7 36. e5 g5 37. Rd2 Qc3 38. Bxg5 Qxe5 39. Bf4 Qe8 40. Rdc2 Ra6 41. Bb7 Rxd6 42. Bxd6 Qd7 43. Rc8+ Kg7 44. Be5+ Kg6 45. Be4+ f5 46. Rc6+ Kf7 1-0

[Event "Saint John op-1"]
[Site "Saint John CAN"]
[Date "1988.??.??"]
[Round "5"]
[White "Taylor, Gordon"]
[Black "Boutquin, Pierre"]
[Result "1-0"]
[WhiteElo "2335"]
[BlackElo "2198"]
[PlyCount "53"]
[GameId "2160767912583290"]
[EventDate "1988.01.24"]
[EventType "swiss"]
[EventRounds "9"]
[EventCountry "CAN"]
[SourceTitle "CBM 06"]

1. d4 Nf6 2. c4 g6 3. Nc3 d5 4. cxd5 Nxd5 5. e4 Nxc3 6. bxc3 Bg7 7. Bc4 c5 8. Ne2 Nc6 9. Be3 O-O 10. O-O Qc7 11. Rc1 Rd8 12. Qd2 a6 13. Bb3 b5 14. Bh6 Bb7 15. Bxg7 Kxg7 16. Qg5 Na5 17. Bc2 Nc4 18. e5 Qc6 19. f3 Qb6 20. Qxe7 cxd4 21. cxd4 Re8 22. Qh4 Rxe5 23. Be4 Bxe4 24. fxe4 f5 25. Ng3 Qxd4+ 26. Kh1 Ne3 27. Rc7+ 1-0

[Event "Saint John op-1"]
[Site "Saint John CAN"]
[Date "1988.01.28"]
[Round "5"]
[White "Nickoloff, Bryon"]
[Black "McCarthy, Brian"]
[Result "1-0"]
[WhiteElo "2390"]
[BlackElo "2299"]
[PlyCount "69"]
[GameId "2160767912583291"]
[EventDate "1988.01.24"]
[EventType "swiss"]
[EventRounds "9"]
[EventCountry "CAN"]
[SourceTitle "CBM 06"]

1. d4 Nf6 2. c4 c5 3. d5 g6 4. Nc3 d6 5. e4 e6 6. Bd3 Bg7 7. h3 O-O 8. Nf3 exd5 9. exd5 Re8+ 10. Be3 Nh5 11. O-O f5 12. Qd2 Nd7 13. Bh6 Ne5 14. Be2 Nf7 15. Bxg7 Kxg7 16. Rae1 Bd7 17. Bd1 Qf6 18. Nh2 Qh4 19. Bxh5 Qxh5 20. Nf3 g5 21. Ne2 Qg6 22. b4 b6 23. bxc5 dxc5 24. Nc1 Qf6 25. Nd3 Re4 26. Qc1 Rae8 27. Nd2 Re2 28. Rxe2 Rxe2 29. Re1 Qe7 30. Qc3+ Kg6 31. Rxe2 Qxe2 32. Nf3 Be8 33. Nh4+ Kh5 34. Nxf5 Kg6 35. g4 1-0

[Event "Saint John op-1"]
[Site "Saint John CAN"]
[Date "1988.??.??"]
[Round "6"]
[White "Boutquin, Pierre"]
[Black "Fong, Juan"]
[Result "1-0"]
[WhiteElo "2198"]
[BlackElo "2220"]
[PlyCount "75"]
[GameId "2160767912583292"]
[EventDate "1988.01.24"]
[EventType "swiss"]
[EventRounds "9"]
[EventCountry "CAN"]
[SourceTitle "CBM 06"]

1. Nf3 c5 2. g3 Nc6 3. Bg2 d5 4. d4 cxd4 5. Nxd4 e5 6. Nxc6 bxc6 7. O-O Nf6 8. c4 Be7 9. Nc3 Bb7 10. cxd5 cxd5 11. Qa4+ Qd7 12. Qxd7+ Kxd7 13. Rd1 Ke6 14. Bg5 Rhd8 15. Rac1 a6 16. Na4 Ne8 17. Nc5+ Bxc5 18. Bxd8 Bxf2+ 19. Kxf2 Rxd8 20. Rc5 f5 21. Rdc1 e4 22. e3 d4 23. exd4 Rxd4 24. Ke2 g5 25. Bf1 Rd5 26. Ke3 Ke5 27. Rxd5+ Bxd5 28. Bxa6 f4+ 29. Ke2 Nf6 30. Bc8 Bxa2 31. b4 Nd5 32. b5 Kd4 33. Be6 Nc3+ 34. Rxc3 Bxe6 35. b6 Bd5 36. Rc7 f3+ 37. Kf1 e3 38. Rd7 1-0

[Event "Saint John op-1"]
[Site "Saint John CAN"]
[Date "1988.01.29"]
[Round "6"]
[White "Rajna, Gyula"]
[Black "Nickoloff, Bryon"]
[Result "0-1"]
[WhiteElo "2545"]
[BlackElo "2390"]
[PlyCount "64"]
[GameId "2160767912583293"]
[EventDate "1988.01.24"]
[EventType "swiss"]
[EventRounds "9"]
[EventCountry "CAN"]
[SourceTitle "CBM 06"]

1. d4 Nf6 2. Nf3 g6 3. c4 Bg7 4. Nc3 d5 5. Bf4 O-O 6. Rc1 dxc4 7. e3 c5 8. dxc5 Qa5 9. Bxc4 Nc6 10. O-O Qxc5 11. Bb3 Qa5 12. h3 Bf5 13. Qe2 Ne4 14. Nd5 e5 15. Bh2 Be6 16. Rfd1 Rfd8 17. Qe1 Rd7 18. Qxa5 Nxa5 19. Nc7 Nxb3 20. Nxa8 Nxc1 21. Rxc1 f6 22. b3 Bf8 23. Ne1 Ba3 24. Rc8+ Kf7 25. f3 Nd6 26. Rc2 Nf5 27. Kf2 Bb4 28. Bg1 Bd6 29. g4 Ne7 30. Ke2 Nc6 31. Nd3 Rd8 32. e4 Rxa8 0-1

[Event "Saint John op-1"]
[Site "Saint John CAN"]
[Date "1988.??.??"]
[Round "7"]
[White "Eingorn, Vereslav"]
[Black "Groszpeter, Attila"]
[Result "1/2-1/2"]
[WhiteElo "2570"]
[BlackElo "2495"]
[PlyCount "48"]
[GameId "2160767912583295"]
[EventDate "1988.01.24"]
[EventType "swiss"]
[EventRounds "9"]
[EventCountry "CAN"]

1. d4 Nf6 2. Nf3 e6 3. c4 b6 4. a3 Bb7 5. Nc3 d5 6. cxd5 Nxd5 7. Qc2 Be7 8. Bd2 O-O 9. e4 Nxc3 10. Bxc3 c5 11. dxc5 Bxc5 12. Rd1 Qc8 13. b4 Be7 14. Qb2 Rd8 15. Rc1 Qc6 16. Bxg7 Qxe4+ 17. Be2 Ba6 18. b5 Bxb5 19. Qxb5 Kxg7 20. Rc4 Qf5 21. Qxf5 exf5 22. Nd4 Nd7 23. Nxf5+ Kf8 24. O-O Bxa3 1/2-1/2

[Event "Saint John op-1"]
[Site "Saint John CAN"]
[Date "1988.??.??"]
[Round "7"]
[White "Hernandez, Gabriel"]
[Black "Boutquin, Pierre"]
[Result "1-0"]
[WhiteElo "2330"]
[BlackElo "2198"]
[PlyCount "59"]
[GameId "2160767912583296"]
[EventDate "1988.01.24"]
[EventType "swiss"]
[EventRounds "9"]
[EventCountry "CAN"]
[SourceTitle "CBM 06"]

1. e4 g6 2. d4 Bg7 3. Nf3 c5 4. Nc3 cxd4 5. Nxd4 Nc6 6. Be3 Nf6 7. Nb3 d6 8. Be2 O-O 9. O-O Be6 10. f4 Na5 11. Nxa5 Qxa5 12. Bf3 Bc4 13. Rf2 Rfd8 14. Qd2 Rac8 15. a3 b5 16. Rb1 Be6 17. Bd4 d5 18. e5 Ng4 19. Rff1 h5 20. b4 Qc7 21. Nxb5 Qxc2 22. Qxc2 Rxc2 23. Nxa7 Bh6 24. b5 Bf5 25. h3 Rd2 26. Rbd1 Ra2 27. Nc6 Ra8 28. Nxe7+ Kf8 29. Nxf5 gxf5 30. Bxd5 1-0

[Event "Saint John op-1"]
[Site "Saint John CAN"]
[Date "1988.??.??"]
[Round "8"]
[White "Boutquin, Pierre"]
[Black "Birnboim, Nathan"]
[Result "1/2-1/2"]
[WhiteElo "2198"]
[BlackElo "2465"]
[PlyCount "71"]
[GameId "2160767912583298"]
[EventDate "1988.01.24"]
[EventType "swiss"]
[EventRounds "9"]
[EventCountry "CAN"]
[SourceTitle "CBM 06"]

1. Nf3 Nf6 2. c4 g6 3. d4 Bg7 4. Nc3 d5 5. Qb3 dxc4 6. Qxc4 O-O 7. e4 Bg4 8. Be3 Nfd7 9. Qb3 Nb6 10. Rd1 e6 11. Be2 Nc6 12. Ng1 Bxe2 13. Ngxe2 Qe7 14. O-O Na5 15. Qc2 Nac4 16. Bc1 c5 17. d5 e5 18. Na4 Nd6 19. Nxb6 axb6 20. a4 f5 21. f3 Qh4 22. Nc3 Bh6 23. Bxh6 Qxh6 24. Qe2 f4 25. Nb5 g5 26. b3 Rac8 27. Ra1 Ra8 28. Nc7 Ra5 29. Qb2 Nf7 30. b4 cxb4 31. Qxb4 Qd6 32. Qxd6 Nxd6 33. Rfb1 Rc8 34. Rxb6 Rxc7 35. Rxd6 b5 36. Rc6 1/2-1/2

[Event "Saint John op-1"]
[Site "Saint John CAN"]
[Date "1988.02.01"]
[Round "8"]
[White "Tolnai, Tibor"]
[Black "Nickoloff, Bryon"]
[Result "1-0"]
[WhiteElo "2515"]
[BlackElo "2390"]
[PlyCount "67"]
[GameId "2160767912583299"]
[EventDate "1988.01.24"]
[EventType "swiss"]
[EventRounds "9"]
[EventCountry "CAN"]
[SourceTitle "CBM 06"]

1. e4 e5 2. Nf3 Nc6 3. Bb5 a6 4. Ba4 Nf6 5. O-O Be7 6. Re1 b5 7. Bb3 d6 8. c3 O-O 9. h3 Nd7 10. d4 Bf6 11. Be3 Na5 12. Bc2 Nc4 13. Bc1 exd4 14. cxd4 c5 15. Nc3 Bb7 16. b3 cxd4 17. Nxd4 Qa5 18. Nce2 Na3 19. Bd3 Nc5 20. Bb2 Rac8 21. Ng3 Nxd3 22. Qxd3 Nc2 23. Nxc2 Bxb2 24. Rab1 Qc3 25. Qe2 Qe5 26. Ne3 Bc3 27. Red1 Rfe8 28. Qg4 Re6 29. Nd5 g6 30. Rbc1 Rc5 31. Nf4 Re7 32. Nd3 Qf6 33. Nxc5 dxc5 34. Rd8+ 1-0

[Event "Saint John op-1"]
[Site "Saint John CAN"]
[Date "1988.??.??"]
[Round "9"]
[White "Lindsay, Fred"]
[Black "Boutquin, Pierre"]
[Result "1-0"]
[WhiteElo "2250"]
[BlackElo "2198"]
[PlyCount "33"]
[GameId "2160767912583300"]
[EventDate "1988.01.24"]
[EventType "swiss"]
[EventRounds "9"]
[EventCountry "CAN"]
[SourceTitle "CBM 06"]

1. Nf3 d5 2. c4 e6 3. d4 Nf6 4. Nc3 Be7 5. Bg5 O-O 6. e3 Nbd7 7. Rc1 c6 8. a3 Re8 9. Qc2 a6 10. h3 Nf8 11. Bd3 dxc4 12. Bxc4 h6 13. Bf4 b5 14. Ba2 c5 15. dxc5 Bxc5 16. Ne4 Be7 17. Bc7 1-0